Entre la producción de lo nuevo y la reproducción de lo viejo. Educación, ideología y poder popular en Nicaragua

Guardado en:
書目詳細資料
主要作者: Vilas, Carlos
格式: Texto
出版: San José: CSUCA
標簽: 添加標簽
沒有標簽, 成為第一個標記此記錄!

MARC

LEADER 00000 a a2200000 04500
001 20879
003
040
090 |a 089408  
100 |a Vilas, Carlos  
245 |a Entre la producción de lo nuevo y la reproducción de lo viejo. Educación, ideología y poder popular en Nicaragua  
260 |a San José:   |b CSUCA  
300 |a 21 p.  
999 |c 9212  |d 9212